Southville International School and Colleges
Your cart is empty.
  • Cart
  • Lists
    Public lists Eva Luna New books Lux_list list_1
    Your lists Log in to create your own lists
  • Log in to your account
  • Your cookies
  • Search history
Southville International School and Colleges
  • Advanced search
  • Recent comments
  • Most popular
  • Libraries

Log in to your account

Log in with GOOGLE


If you do not have an external account, but do have a local account, you can still log in:

  1. Home
  2. MARC view: Crafting the perfect name :
Normal view MARC view ISBD view

Crafting the perfect name : (Record no. 10229)

[ view plain ]
MARC details
000 -LEADER
fixed length control field 00652nam a22002057a 4500
003 - CONTROL NUMBER IDENTIFIER
control field SISC
005 - DATE AND TIME OF LATEST TRANSACTION
control field 20160406103848.0
008 - FIXED-LENGTH DATA ELEMENTS--GENERAL INFORMATION
fixed length control field 130903t xxu||||| |||| 00| 0 eng d
020 ## - INTERNATIONAL STANDARD BOOK NUMBER
International Standard Book Number 9781557382009
050 ## - LIBRARY OF CONGRESS CALL NUMBER
Classification number HD 69
Item number .B972 1991
082 ## - DEWEY DECIMAL CLASSIFICATION NUMBER
Classification number HS 658.4
Item number B94 1991
100 ## - MAIN ENTRY--PERSONAL NAME
Personal name Burroughs, George
9 (RLIN) 16273
245 ## - TITLE STATEMENT
Title Crafting the perfect name :
Remainder of title the art the science of naming a company or product /
Statement of responsibility, etc George Burroughs
260 ## - PUBLICATION, DISTRIBUTION, ETC. (IMPRINT)
Place of publication, distribution, etc Chicago, Illinois :
Name of publisher, distributor, etc Probus Publishing Company,
Date of publication, distribution, etc c1991.
300 ## - PHYSICAL DESCRIPTION
Extent 201 p. :
Other physical details ill. ;
Dimensions 23 cm.
650 ## - SUBJECT ADDED ENTRY--TOPICAL TERM
Topical term or geographic name as entry element Management
9 (RLIN) 446
650 ## - SUBJECT ADDED ENTRY--TOPICAL TERM
Topical term or geographic name as entry element Entrepreneurs
General subdivision guide
9 (RLIN) 16274
942 ## - ADDED ENTRY ELEMENTS (KOHA)
Source of classification or shelving scheme Library of Congress Classification
Koha item type Books
Holdings
Withdrawn status Lost status Source of classification or shelving scheme Damaged status Home library Current library Shelving location Date acquired Total Checkouts Full call number Barcode Date last seen Copy number Price effective from Koha item type
    Library of Congress Classification   Luxembourg Library Luxembourg Library High School Section 09/03/2013   HD 69 .B972 1991 2327 04/06/2016 1 09/03/2013 Books

Crafting the perfect name :

APA

Burroughs G., . (1991). Crafting the perfect name. Chicago, Illinois: Probus Publishing Company.

Chicago

Burroughs George, . 1991. Crafting the perfect name. Chicago, Illinois: Probus Publishing Company.

Harvard

Burroughs G., . (1991). Crafting the perfect name. Chicago, Illinois: Probus Publishing Company.

MLA

Burroughs George, . Crafting the perfect name. Chicago, Illinois: Probus Publishing Company. 1991.

  • Place hold
  • Print
  • Cite
  • Add to your cart (remove)
  • Save record
    BIBTEX Dublin Core MARCXML MARC (non-Unicode/MARC-8) MARC (Unicode/UTF-8) MARC (Unicode/UTF-8, Standard) MODS (XML) RIS
  • More searches
    Search for this title in:
    Other Libraries (WorldCat) Other Databases (Google Scholar) Online Stores (Bookfinder.com) Open Library (openlibrary.org)

Exporting to Dublin Core...

SOUTHVILLE LIBRARY

Southville International School and Colleges Library

1281 Tropical Ave. Cor. Luxembourg St., BF Homes International, Las Pinas City

Tel. No. 8256374 / 252358 Loc. 117/146

Powered by Koha